000 00387nam a2200169Ia 4500
005 20250704013513.0
008 240331s9999 xx 000 0 und d
020 _a9559509926
082 _bCOO
_a92096
100 _aCooray,S
245 0 _aVidyakyo ha darshanikayo
260 _aKotte
_bGold Press
300 _a96 p .,
650 _aScientists
650 _aPhilosophers
942 _cL
999 _c5345
_d5345